Statistiques concernant The Weeknd - Is There Someone Else Lyrics

Cliquez ici pour prendre le quiz!

Statistiques générales

  • Ce quiz a été pris 175 fois
  • Le résultat moyen est 151 sur 195

Statistiques - réponses

HintRéponse% Correct
VERSE 1I
99%
i
99%
the
98%
someone
96%
there
96%
else
95%
is
94%
you
93%
to
89%
me
88%
when
88%
or
86%
a
85%
cause
85%
don't
85%
know
85%
not
85%
be
84%
your
84%
close
83%
wanna
82%
my
80%
if
79%
lose
77%
need
76%
that
76%
oh
71%
you're
71%
spot
70%
keep
69%
him
68%
for
67%
something
67%
want
67%
with
67%
and
64%
hurting
64%
ain't
63%
heart
63%
from
59%
hiding
59%
see
57%
used
57%
who
57%
better
56%
been
55%
deserve
55%
forever
55%
think
55%
loyal
54%
lying
54%
swear
53%
that's
53%
one
51%
prisonner
50%
was
49%
it
48%
day
46%
every
44%
ways
42%
baby
41%
changed
41%
felt
41%
fighting
41%
creepin'
39%
give
39%
we're
38%
start
37%
up
37%
look
34%
right
33%

Distribution des résultats

Percentile par nombre de réponses

% des personnes avec chaque résultat

Votre développement - résultats

Vous n’avez pas pris ce quiz